Baltimore Orioles 2024 Opening Day Lineup - Statistics

General Stats
  • This quiz has been taken 99 times
  • The average score is 8 of 10
Answer Stats
Hint Answer % Correct
1B Ryan Mountcastle
96%
CF Cedric Mullins
94%
RF Anthony Santander
93%
SP Corbin Burnes
90%
C Adley Rutschman
88%
2B Jorge Mateo
84%
3B Ramon Urias
82%
DH Jordan Westburg
78%
LF Austin Hays
69%
SS Gunnar Hunderson
6%
No matching quizzes found
Score Distribution
Percent of People with Each Score
Percentile by Number Answered
Your Score History
You have not taken this quiz